SEECS instant notification system via SMS/MMS (Record no. 10045)

000 -LEADER
fixed length control field 00531 a2200133 4500
082 ## - DEWEY DECIMAL CLASSIFICATION NUMBER
Classification number BICSE-2
100 ## - MAIN ENTRY--PERSONAL NAME
Personal name Hassan Sajid
9 (RLIN) 93822
245 ## - TITLE STATEMENT
Title SEECS instant notification system via SMS/MMS
Statement of responsibility, etc. Hassan Sajid
260 ## - PUBLICATION, DISTRIBUTION, ETC.
Place of publication, distribution, etc. Islamabad :
Name of publisher, distributor, etc. NUST School of Electrical Engineering & Computer Science,
Date of publication, distribution, etc. 2009.
300 ## - PHYSICAL DESCRIPTION
Extent v, 45 p. :
Other physical details ill. ;
Dimensions 27 cm +
Accompanying material CD-ROM
500 ## - GENERAL NOTE
General note Supervisors : Mr. Mujtaba Haider, Mr. Bilal Saqib, Ms. Shamaila Kiyani.
856 ## - ELECTRONIC LOCATION AND ACCESS
Uniform Resource Identifier <a href="http://10.250.8.41:8080/xmlui/handle/123456789/10366">http://10.250.8.41:8080/xmlui/handle/123456789/10366</a>
942 ## - ADDED ENTRY ELEMENTS (KOHA)
Koha item type Project Report
Call number prefix BICSE-2 HAS
Source of classification or shelving scheme
Holdings
Withdrawn status Lost status Damaged status Not for loan Permanent Location Current Location Date acquired Full call number Barcode Date last seen Price effective from Koha item type
WITHDRAWN       Central Library (CL) Central Library (CL) 07/04/2022 BICSE-2 HAS SEECSP00807 11/14/2012 11/14/2012 Project Report
© 2023 Central Library, National University of Sciences and Technology. All Rights Reserved.